00577nam a2200181Ia 45000030006000000050017000060080041000230400009000640410012000730820017000851000022001022450127001242600014002513000008002659420007002739990017002809520098002970Nust20170105110300.0161124s9999 xx 000 0 und d cIGIS aEnglish a910.285bCHA aKang -Tsung Chang aDirectorate of Soil Surver West Pakistan Soil Survey Project of Pakistan Reconnaissance Soil Survey DERA ISMAIL KHAN 1969 ausac2012 a441 cBK c31152d31152 001040708TextaIGISbIGISd0000-00-00l0o910.285CHApIGIS1060r2017-01-05w0000-00-00yBK